Česko-anglický architektonický a stavebný slovník

Bibliographic Details
Main Author: Hanák, Milan, 1934- (Author)
Format: Book
Language:Czech
English
PhysicalDescription:726 s. 20 cm
Published: Plzeň Fraus 1998
ISBN:8072380257
Edition:1. vyd.
Series:Speciál Knihovna oborových slovníků
Subjects:

MARC

LEADER 00000cam a2200000 a 4500
001 vtls001386388
003 SK-MaSNL
005 20260425234817.0
008 240314s1998 xr f d 00000 cze
020 |a 8072380257  |q (viazané) 
035 |a SNK000340547 
040 |a SNK  |b slo  |c SNK  |e AACR2 
041 0 |a cze  |a eng 
044 |a xr  |c CZ 
072 7 |a 81  |x Lingvistika. Jazyky  |2 konspekt 
072 7 |a 69  |x Stavebníctvo  |2 konspekt 
080 |a 811.111  |2 2011 
080 |a 811.162.3  |2 2011 
080 |a 69  |2 2011 
080 |a 72  |2 2011 
080 |a 81'373.46  |2 2011 
080 |a (038)81  |2 2011 
080 |a 81'374.8-022.215  |2 2011 
100 1 |a Hanák, Milan,  |d 1934-  |4 aut  |9 167773 
245 1 0 |a Česko-anglický architektonický a stavebný slovník  |c Milan Hanák a kol. 
246 3 1 |a Czech-English dictionary of architecture and civil engineering 
250 |a 1. vyd. 
260 |a Plzeň  |b Fraus  |c 1998 
300 |a 726 s.  |c 20 cm 
490 1 |a Speciál. Knihovna oborových slovníků 
546 |a Text v češ. a angl. 
650 0 7 |a angličtina  |2 SNKPH  |9 1260 
650 0 7 |a čeština  |2 SNKPH  |9 1319 
650 0 7 |a stavebníctvo  |2 SNKPH  |9 726 
650 0 7 |a architektúra  |2 SNKPH  |9 722 
650 0 7 |a odborová terminológia  |2 SNKPH  |9 78225 
650 0 7 |a English language  |2 SNKPHeng  |9 279139 
650 0 7 |a Czech language  |2 SNKPHeng  |9 288039 
650 0 7 |a Construction industry  |2 SNKPHeng  |9 265212 
650 0 7 |a Architecture  |2 SNKPHeng  |9 266226 
650 0 7 |a Terminology (professional)  |2 SNKPHeng  |9 90966 
655 7 |a dvojjazyčné prekladové slovníky  |2 SNKPH  |9 70744 
655 7 |a terminologické slovníky  |2 SNKPH  |9 70504 
655 7 |a Bilingual translation dictionaries  |2 SNKPHeng  |9 287935 
655 7 |a Terminological dictionaries  |2 SNKPHeng  |9 90728 
830 0 |a Speciál  |p Knihovna oborových slovníků  |9 295068 
919 |a 80-7238-025-7 
999 |c 809695  |d 811625 
952 |t snkHAN 72(038)  |a SNKUST  |b SNKUST  |y PREZ  |7 0  |p 17A0201399  |o snkID 99566  |i snk2017/1809  |8 5  |0 0  |1 0  |4 0  |d 2000-04-04  |l 0  |r 2025-03-20 00:00:00  |w 2026-02-24